| 000 | 01933cam a2200361 i 4500 | ||
|---|---|---|---|
| 008 | |||
| 020 | _a0323172202 (paperback). | ||
| 040 |
_aNUST _cNUST |
||
| 049 | _aMAIN | ||
| 090 |
_aRC78.3 _bSHE |
||
| 100 | 1 | _aStatkiewicz-Sherer, Mary Alice. | |
| 245 | 1 | 0 |
_aRadiation protection in medical radiography / _cMary Alice Statkiewicz Sherer, Paula J. Visconti, E. Russell Ritenour, Kelli Welch Haynes. |
| 250 | _aSeventh edition. | ||
| 264 | 1 |
_aMaryland Heights, MO : _bElsevier/Mosby, _c[2014] |
|
| 300 |
_aviii, 392 pages : _bcolor illustrations ; _c24 cm. |
||
| 336 |
_atext _2rdacontent. |
||
| 337 |
_aunmediated _2rdamedia. |
||
| 338 |
_avolume _2rdacarrier. |
||
| 500 | _aIncludes bibliographical references and index. | ||
| 505 | 0 | _aIntroduction to radiation protection -- Radiation : types, sources, and doses received -- Interaction of x-radiation with matter -- Radiation quantities and units -- Radiation monitoring -- Overview of cell biology -- Molecular and cellular radiation biology -- Early deterministic radiation effects on organ systems -- Late deterministic and stochastic radiation effects on organ systems -- Dose limits for exposure to ionizing radiation -- Equipment design for radiation protection -- Management of patient radiation dose during diagnostic x-ray procedures -- Management of imaging personnel radiation dose during diagnostic x-ray procedures -- Radioisotopes and radiation protection. | |
| 650 | 0 |
_aRadiography, Medical _xSafety measures. |
|
| 650 | 1 | 2 |
_aRadiation Protection _xmethods. |
| 650 | 2 | 2 | _aRadiation Effects. |
| 650 | 2 | 2 |
_aRadiation Monitoring _xmethods. |
| 650 | 2 | 2 |
_aRadiography _xadverse effects. |
| 700 | 1 | _aVisconti, Paula J. | |
| 700 | 1 | _aRitenour, E. Russell. | |
| 700 | 1 | _aHaynes, Kelli Welch. | |
| 907 |
_a.b10398909 _b13-07-21 _c22-01-20 |
||
| 003 | |||
| 005 | 20230120144500.0 | ||
| 942 |
_cBOOKS _kRC78.3 _mSHE |
||
| 999 |
_c97666 _d97666 |
||